| 000 | 01190nam0a2200373 4500 | ||
|---|---|---|---|
| 001 | RU\NLR\bibl\1733538 | ||
| 005 | 20250616080514.0 | ||
| 010 |
_a978-5-9691-0605-5 _92000 |
||
| 021 |
_aRU _b2010-102684 _96939 |
||
| 021 |
_aRU _b2011-24504 _91740 |
||
| 035 | _a(nilc)RSL-KNO-004870800 | ||
| 035 | _a(NLR Aleph) 001724482 | ||
| 090 |
_a1360558 _c1360558 |
||
| 100 | _a20101227d2011 |||y0rusy50 ca | ||
| 101 | 0 | _arus | |
| 102 | _aRU | ||
| 105 | _ay ||||||||| | ||
| 200 | 1 |
_aЖили-были старик со старухой _eроман _fЕлена Катишонок |
|
| 210 |
_aМосква _cВремя _d2011 [т.е. 2010] |
||
| 215 |
_a478, [1] с. _d17 |
||
| 225 | 1 | _aСерия "Самое время!" | |
| 300 | _aКн. фактически изд. в 2010 г. | ||
| 686 |
_aШ5(2=Р)75-644 _2rubbk |
||
| 686 | _aШ6(2=Р)6-4 | ||
| 700 | 1 |
_aКатишонок _bЕ. А. _gЕлена Александровна _4070 |
|
| 801 | 0 |
_aRU _bRuMoRKP _c20101227 _grcr |
|
| 801 | 1 |
_aRU _bRuMoRGB _c20101227 |
|
| 801 | 2 |
_aRU _bNLR _c20110208 _grcr |
|
| 830 | _aавт. по кн. | ||
| 942 | _cBOOK | ||
| 980 | _aNB | ||